000 00401pab a2200157 454500
008 180718b1983 xxu||||| |||| 00| 0 eng d
100 _aThornberry, Neal E.
245 _aThe project manager
_bWhat it takes to be a good one
260 _c1983
300 _a73-6
362 _aMar.
650 _aExecutives
700 _aJoseph R. Weintraub
773 _aProject Management Quarterly
909 _a7895
999 _c7895
_d7895